| 000 | 00499cam a2200217ua 4500 | ||
|---|---|---|---|
| 020 | _c65.00 | ||
| 041 |
_aeng _h |
||
| 082 |
_a621.31042 _bSEN/EL |
||
| 100 | _aSen, S K . | ||
| 245 |
_aElectrical machinery / _cS K Sen. _hTextual Documents |
||
| 250 |
_a3 / _b. |
||
| 260 |
_aDelhi : _bKhanna publishers , _c1995. |
||
| 300 | _a671 ; . | ||
| 365 | _a65.00 | ||
| 500 | _a*CSS | ||
| 504 | _a | ||
| 942 | _cBK | ||
| 999 |
_c10295 _d10295 |
||